Operations Forensics (Record no. 15467)

MARC details
000 -LEADER
fixed length control field 00432nam a22001337a 4500
005 - DATE AND TIME OF LATEST TRANSACTION
control field 20220114172022.0
008 - FIXED-LENGTH DATA ELEMENTS--GENERAL INFORMATION
fixed length control field 191028b ||||| |||| 00| 0 eng d
020 ## - INTERNATIONAL STANDARD BOOK NUMBER
International Standard Book Number 978-0-262-01866-1
040 ## - CATALOGING SOURCE
Transcribing agency URS
245 ## - TITLE STATEMENT
Title Operations Forensics
Remainder of title Business Performance Analysis Using Operations Measures and Tools
Statement of responsibility, etc. Richard Lai
260 ## - PUBLICATION, DISTRIBUTION, ETC.
Place of publication, distribution, etc. Cambridge
Name of publisher, distributor, etc. MIT Press
Date of publication, distribution, etc. 2013
300 ## - PHYSICAL DESCRIPTION
Extent 309 pages
Dimensions 24 cm.
Accompanying material hardcover, alk. paper
942 ## - ADDED ENTRY ELEMENTS (KOHA)
Source of classification or shelving scheme Library of Congress Classification
Koha item type Foreign Books
Holdings
Withdrawn status Source of classification or shelving scheme Damaged status Not for loan Home library Current library Shelving location Date acquired Total Checkouts Full call number Barcode Date last seen Price effective from Koha item type
  Library of Congress Classification     Binangonan College Library Binangonan College Library Foreign Section 06/07/2023   TS 155 L244 2013 URSBIN-02333 10/28/2019 10/28/2019 Foreign Books

University of Rizal System
Email us at univlibservices@urs.edu.ph

Visit our Website www.urs.edu.ph/library